[Event "Europa tch 2011 femenino"]
[Site "Porto Carras"]
[Date "2011.11.11"]
[Round "9.14"]
[White "Stoeri, Laura"]
[Black "Hansen, Erle Andrea Marki"]
[Result "0-1"]
[WhiteElo "1939"]
[BlackElo "1762"]
[PlyCount "86"]
[EventDate "2011.11.03"]
[EventType "team"]
[EventRounds "9"]
[EventCountry "GRE"]
[Source "lmi"]
[SourceDate "2011.11.03"]
[WhiteTeam "Switzerland"]
[BlackTeam "Norway"]
[WhiteTeamCountry "SUI"]
[BlackTeamCountry "NOR"]

1. e4 c5 2. Nf3 Nc6 3. Nc3 d6 4. d4 cxd4 5. Nxd4 e5 6. Ndb5 Nf6 7. Bg5 a6 8.
Na3 b5 9. Nd5 Be7 10. Bxf6 Bxf6 11. Be2 O-O 12. O-O Bg5 13. c4 b4 14. Nc2 a5
15. Qd3 Kh8 16. Rfd1 f5 17. Nde3 f4 18. Nf5 Bxf5 19. exf5 Rf6 20. Bf3 Rc8 21.
a3 bxa3 22. Qxa3 Qf8 23. Qd3 Ne7 24. Rxa5 Nxf5 25. Rda1 Rf7 26. Bd5 Re7 27. Ra8
Rce8 28. Bc6 e4 29. Bxe4 Re5 30. Bc6 Rd8 31. h3 h6 32. Rxd8 Bxd8 33. Be4 Nh4
34. Nd4 Qe8 35. f3 Rg5 36. g4 fxg3 37. Ra8 g2 38. Ne6 Bb6+ 39. c5 Qxa8 40. Bxa8
Rxc5 41. Kh2 Rc1 42. Kg3 g1=Q+ 43. Kxh4 Qe1+ 0-1